El corresponsal moderno, para comercio, banca e industria /
Guardado en:
| Autor Principal: | |
|---|---|
| Otros Autores: | |
| Formato: | Libro |
| Publicado: |
Argentina :
Academias Pitman,
1960
|
| Edición: | 58a. ed. |
| Materias: | |
| Etiquetas: |
Agregar Etiqueta
Sin Etiquetas, Sea el primero en etiquetar este registro!
|
| LEADER | 00668nam a22001935a 4500 | ||
|---|---|---|---|
| 001 | CEM.cems003448 | ||
| 005 | 19000101000000.0 | ||
| 008 | 130507s1960##################000#0#####d | ||
| 003 | CEMS | ||
| 082 | 0 | 4 | |a 651.7 |
| 100 | 1 | |a Jan, J. M. | |
| 245 | 1 | 0 | |a El corresponsal moderno, para comercio, banca e industria / |c J. M. Jan |
| 250 | |a 58a. ed. | ||
| 260 | |a Argentina : |b Academias Pitman, |c 1960 | ||
| 300 | |a 370 p. | ||
| 505 | 0 | |a El arte de escribir.-Redacci¢n comercial.-Contratos.-Redacci¢n administrativa. -Redacci¢n profesional.-Redacci¢n forense | |
| 653 | |a Redaccion comercial | ||
| 700 | 1 | |a Ollua, R. | |
| 859 | |a CEMS |b BIB. CEMS - 11 de abril |h 651.7 |i J25a58 |p 6233.77 |t Ej.1 | ||
